| 000 | 01108nam a22002651u 4500 | ||
|---|---|---|---|
| 001 | 12148 | ||
| 003 | HDC | ||
| 007 | cr bn --- | ||
| 008 | 210209p2006 my eng | ||
| 040 | _aHDC | ||
| 100 |
_aL. Kamariah, _eauthor _912557 |
||
| 245 | 0 |
_aSubstrate specificity of lipases from four species of Aspergillus towards hydrolysis of homoacid triacylglycerols and vegetable oils in non-aqueous system / _cby L. Kamariah, H. Nurul Huda, M.D. Azlina, O. Rosmawati, M.G. Hasanah, O.M. Lai and H. Ainon |
|
| 260 |
_aSerdang : _bMalaysian Agricultural Research and Development Institute (MARDI), _c2006 |
||
| 300 | _a1 page | ||
| 336 |
_atext _2rdacontent |
||
| 337 |
_acomputer _2rdamedia |
||
| 338 |
_aonline resource _2rdacarrier |
||
| 650 |
_aAspergillus species _912558 |
||
| 650 |
_aHomoacid triacylglycerols _912559 |
||
| 650 |
_aSaturated short _912560 |
||
| 856 | _zRequest full-text at [email protected] | ||
| 942 | _2lcc | ||
| 942 | _cAR | ||
| 942 | _kJART 003011 | ||
| 999 |
_c9471 _d9471 |
||